| 000 | 00384nam a22001457a 4500 | ||
|---|---|---|---|
| 005 | 20250121134401.0 | ||
| 008 | 250121b |||||||| |||| 00| 0 eng d | ||
| 020 | _a9780007208869 | ||
| 050 |
_aREF PC 2640.C 687 COL _b1 |
||
| 100 | _aCollins, Robert | ||
| 245 | _aCollins robert french dictionary: | ||
| 260 |
_aGlasgow _bR LeRobert _c2006 |
||
| 300 | _axiii,1219p | ||
| 942 |
_2lcc _cBK _n0 |
||
| 999 |
_c2752 _d2752 |
||